000 00423cam a2200157ua 4500
003 OSt
008 250505b |||||||| |||| 00| 0 eng d
041 _aeng
082 _a624.12
_bTEA/EL
100 _aTeasdale, H.
_97446
245 _aElectro-technology: for national certificate courses, Vol.I /
260 _a :
_bEnglish Universities Press ,
_c1962.
300 _a333 ; .
700 1 _aWalton, E.C.
_97447
942 _cBK
999 _c1338
_d1338